000 00237nam a2200109 a 4500
001 4144
005 20140414131946.0
008 090317s19uu xx 00 eng d
050 _aTR 535.6
_bC71 2005
245 _aColors.
999 _c112679
_d112679